| 000 | 01108cam a22003137a 4500 | ||
|---|---|---|---|
| 003 | CHAP | ||
| 005 | 20220329142918.0 | ||
| 008 | 050215d1993 mx r 00110 spa d | ||
| 010 | _a89570 | ||
| 011 | _a90542 | ||
| 035 | _a101098 | ||
| 040 | _cCHAP | ||
| 090 | _aFolleto 16937 | ||
| 100 | 0 | 0 |
_aReyes Valdés, Manuel Humberto. _997007 |
| 245 | 1 | 3 |
_aEl análisis de senderos en la investigación agronómica _c/por Manuel Humberto Reyes Valdés y Adalberto Benavides Mendoza |
| 260 |
_aSaltillo, Coah. : _bUniversidad Autónoma Agraria Antonio Narro. Departamento de Fitomejoramiento, _c1993. |
||
| 300 | _a22 p. | ||
| 590 |
_aBATCH-UPD _b10 _c20130110 _lUCH01 _h0800 |
||
| 590 |
_aBATCH-UPD _b10 _c20130410 _lUCH01 _h0439 |
||
| 590 |
_aBATCH-UPD _b10 _c20130914 _lUCH01 _h0601 |
||
| 590 |
_aBATCH-UPD _b10 _c20130914 _lUCH01 _h2134 |
||
| 590 |
_aCONVERSION _b10 _c20130109 _lUCH01 _h1350 |
||
| 650 | 1 | 4 |
_aModelos matemáticos. _976419 |
| 700 | 0 |
_aBenavides Mendoza, Adalberto. _911519 |
|
| 901 | _aBK | ||
| 905 | _aLilia | ||
| 942 | _cFOLL | ||
| 949 |
_aFolleto 16937 _bBC _cFOLL _d33724002003926 _eTS1 _i101098 _sb |
||
| 999 |
_c89570 _d89570 |
||